What's Bigger? #1 - Statistics

General Stats
  • This quiz has been taken 149,520 times
  • The average score is 11 of 15
Answer Stats
Question Answer % Correct
Africa or South America Africa
93%
A gigabyte or a terabyte Terabyte
91%
The tallest building or the tallest tree Building
89%
The number of people on Earth or the number of trees Trees
85%
Buckingham Palace or the White House, by number of bedrooms Buckingham Palace
84%
Your pancreas or your pituitary gland Pancreas
84%
The population of Arizona or the population of Estonia Arizona
79%
Earth or Mars Earth
79%
An atom of Nitrogen or an atom of Uranium Uranium
74%
The Old Testament or the New Testament, by length Old Testament
67%
The heaviest human ever or the heaviest pumpkin ever Pumpkin
67%
A violin or a viola Viola
59%
A chromosome or a gene Chromosome
56%
A division or a regiment Division
49%
The annual budget of the French government or the annual revenue of Google France
26%
No matching quizzes found
Score Distribution
Percent of People with Each Score
Percentile by Number Answered
Your Score History
You have not taken this quiz